000 00487nam a22001697a 4500
003 NUST - PNEC
005 20170116180953.0
008 150909b xxu||||| |||| 00| 0 eng d
020 _a9780071206754
040 _cLIBRARY
082 _a629.8 DOR
100 _99236
_aDorsey, John
245 _aContinuous and discrete control systems : modeling, identification, design, and implementation
_cJohn Dorsey
260 _c2002
650 _97706
_aAutomatic control
_xME
942 _2ddc
_cBK
999 _c66487
_d66487